Figure Out the Lyrics: Christmas on Broadway Quiz Stats

 Plays Quiz not verified by Sporcle

Score 0/163 Timer 07:00
0 Plays Today
Lyrics % Correct
a
93.2%
a
93.2%
a
93.2%
a
93.2%
a
93.2%
a
93.2%
a
93.2%
a
93.2%
a
93.2%
a
93.2%
a
93.2%
a
93.2%
a
93.2%
a
93.2%
a
93.2%
I
92.5%
I've
92.5%
I've
92.5%
I
92.5%
the
89.6%
the
89.6%
the
89.6%
the
89.6%
the
89.6%
the
89.6%
the
89.6%
the
89.6%
the
89.6%
the
89.6%
Christmas
87%
Christmas
87%
Christmas
87%
Christmas
87%
be
74.2%
And
74%
And
74%
we're
71.1%
we
70.9%
we
70.9%
we
70.9%
we
70.9%
we
70.9%
in
68.6%
in
68.6%
It's
67%
It
66.5%
on
64.2%
on
64.2%
on
64.2%
For
61.1%
For
61.1%
For
61.1%
of
56%
this
53.9%
this
53.9%
Lyrics % Correct
So
53.5%
tree
53.2%
Santa,
50.4%
my
47.5%
my
47.5%
time
47%
up
46.1%
up
46.1%
up
46.1%
at
45.4%
little
43.5%
little
43.5%
little
43.5%
little
43.5%
little
43.5%
little
43.5%
little
43.5%
little
43.5%
little
43.5%
little
43.5%
little
43.5%
little
43.5%
little
43.5%
now
43.2%
now
43.2%
now
43.2%
need
42.5%
need
42.5%
need
42.5%
Need
42.5%
need
42.5%
Need
42.5%
Need
42.5%
need
42.5%
Need
42.5%
very
42.1%
very
42.1%
but
41.9%
But
41.9%
out
41.4%
that
41.2%
ever
39.5%
ever
39.5%
holly
39.1%
Right
39.1%
Right
39.1%
Put
38.1%
minute
36.5%
minute
36.5%
seen
36.1%
Happy
35.4%
light
34.7%
Candles
30.7%
window
30.7%
Yes,
29.5%
Lyrics % Correct
before
28.2%
down
28.2%
again
27.2%
stocking
27.2%
again
27.2%
chimney
27.2%
deck
27%
halls
26.7%
hurry
26.7%
Haul
26.1%
some
26%
spirit
25.8%
Carols
25.4%
may
25.1%
dear,
24.7%
hasn't
23.5%
after
23.5%
falls
23.2%
snowed
22.6%
flurry
22.1%
single
21.9%
grown
21.6%
Grown
21.6%
Grown
21.6%
Grown
21.6%
tinsel
21.4%
bough
21.4%
things,
20.7%
angel
20.7%
brightest
20.5%
fruitcake
20.5%
climb
20.2%
older
20.2%
spinet
20%
laughter
19.5%
evergreen
18.8%
rushing
18.6%
hung
18.6%
string
18.4%
Fill
17.4%
colder
17.2%
Sitting
16.7%
shoulder
16.5%
through
16.1%
Slice
15.6%
leaner
15.3%
sadder
14.9%
music
14.6%
singing
14.2%
rafter
13.2%
Ringing
13%
Turn
9.3%
snappy
7.9%

You're not logged in!

Compare scores with friends on all Sporcle quizzes.
OR
Log In

Sporcle TV

Today on Sporcle TV


Watch our educational content, quiz creation guides, and fun videos on Sporcle TV.

Show Comments

Extras

Top Quizzes Today


Score Distribution

Your Account Isn't Verified!

In order to create a playlist on Sporcle, you need to verify the email address you used during registration. Go to your Sporcle Settings to finish the process.

Report this User

Report this user for behavior that violates our Community Guidelines.

Details: